000 00657nam a2200133 a 4500
008 150520s1979 ||||||||||||||||| || u
050 _aGOV.ZAM(058)DCS/1979
110 _aThe Government of the Republic of Zambia. Ministry of Finance, Department of Census and Statistics
245 1 0 _aDepartment of census and statistics annual reports for the years 1976-79
_cBy the Department of Census and Statistics
260 _aLusaka:
_bGovernment Printer
_c1979
350 _a0.00
650 _aFINANCIAL REPORTS
995 _FCBU-MAIN LIBRARY (Kitwe)
_I0.00
_M1
_UAVAILABLE
_WMay 20, 2015
_ZZambiana Collection
999 _c39615
_d39615